000 00442nam a2200157 4500
001 148949
003 ES-MaACL
005 20230906202901.0
007 t|
008 070214s1958 sp r ||||1| spa d
100 1 _aSureda Molina, Guillermo.
_9108824
245 1 3 _aLa suerte consumada /
_cGuillermo Sureda Molina.
260 _aPalma de Mallorca :
_bAtlante,
_c1958.
300 _a183 p. ;
_c22 cm.
852 _aES-MaACL
_jC-14702
_bR.42853
999 _c148949
_d148949